22 quy luật bất biến trong xây dựng thương và 11 quy luật bất biến trong xây dựng thương hiệu trên Internet

sách cung cấp những kiến thức kinh doanh thực tế và hữu ích về lĩnh vực bán hàng và tiếp thị cho những nhà doanh nghiệp, những người nghiên cứu, những sinh viên ngành kinh tế quản trị kinh doanh, qua đó đóng góp vào sự phát triển của nền k...

Full description

Saved in:
Bibliographic Details
Main Author: Ries, Al
Other Authors: Ries, Laura, Minh Hương (Dịch), Khánh Chi (Dịch), Tường Vân (Dịch)
Format: Book
Language:Vietnamese
Published: H. Công thương 2019
Edition:Tái bản lần thứ 5
Subjects:
Tags: Add Tag
No Tags, Be the first to tag this record!
Institutions: Thư viện Trường Đại học Nam Cần Thơ
LEADER 01522nam a22002537a 4500
001 NCT_77699
008 200328b xxu||||| |||| 00| 0 vie d
999 |c 3785  |d 3785 
020 |a 9786049319938  |c 159000 
082 0 4 |2 23rd ed.  |a 658.827  |b R559 
100 1 |a Ries, Al 
245 1 0 |a 22 quy luật bất biến trong xây dựng thương và 11 quy luật bất biến trong xây dựng thương hiệu trên Internet  |c Al Ries, Laura Ries; Minh Hương, Khánh Chi, Tường Vân (dịch) 
250 |a Tái bản lần thứ 5 
260 |a H.  |b Công thương  |c 2019 
300 |a 347 tr.  |b minh họa  |c 24cm 
520 3 |a sách cung cấp những kiến thức kinh doanh thực tế và hữu ích về lĩnh vực bán hàng và tiếp thị cho những nhà doanh nghiệp, những người nghiên cứu, những sinh viên ngành kinh tế quản trị kinh doanh, qua đó đóng góp vào sự phát triển của nền kinh tế Việt nam nói chung và của các doanh nghiệp nói riêng. 
653 |a Quản trị kinh doanh 
700 1 |a  Ries, Laura 
700 0 |a Minh Hương  |e Dịch 
700 0 |a Khánh Chi  |e Dịch 
700 0 |a Tường Vân  |e Dịch 
942 |2 ddc  |c BK 
952 |0 0  |1 0  |2 ddc  |4 0  |6 658_827000000000000_R559  |7 0  |9 19329  |a 000001  |b 000001  |d 2020-03-28  |o 658.827 R559  |p MD.16890  |r 2020-03-28  |v 159000.00  |w 2020-03-28  |y BK 
980 |a Thư viện Trường Đại học Nam Cần Thơ